Row versus column operations /
Saved in:
| Main Author: | |
|---|---|
| Format: | Thesis Book |
| Language: | English |
| Published: |
1994.
|
| Subjects: | |
| Tags: |
Add Tag
No Tags, Be the first to tag this record!
|
| LEADER | 00736cam a2200253 a 4500 | ||
|---|---|---|---|
| 001 | u368675 | ||
| 003 | SIRSI | ||
| 008 | 950306s1994 si v 00 1 eng m | ||
| 035 | |a ABV-2742 | ||
| 040 | |a UMM | ||
| 043 | |a a-si--- | ||
| 090 | |a QA188 |b Boe | ||
| 100 | 1 | 0 | |a Boey, Kok Leong. |
| 245 | 1 | 0 | |a Row versus column operations / |c by Boey Kok Leong. |
| 260 | |c 1994. | ||
| 300 | |a v, 54 leaves : |b ill. ; |c 30 cm. | ||
| 500 | |a Photocopy. | ||
| 502 | |a Dissertation (M.Sc.) -- National University of Singapore, 1994. | ||
| 504 | |a Bibliography: leaves 53-54. | ||
| 650 | 0 | |a Matrices. | |
| 650 | 0 | |a Commutative rings | |
| 948 | |a 06/03/1995 |b 15/08/2002 | ||
| 596 | |a 1 | ||
| 999 | |a QA188 BOE |w LC |c 1 |i A505730570 |l STACKS |m P01UTAMA |r Y |s Y |t TESIS |u 1/7/1996 | ||
